|
|
|
|
| LEADER |
01208nab#a2200373#ar4500 |
| 001 |
000045621 |
| 003 |
SVKKK |
| 005 |
20061025135023.0 |
| 008 |
030729c1999 xo e engo |
| FMT |
|
|
|
| 015 |
|
|
|a SNBRB1999/10-xxxxx
|
| 038 |
|
|
|a SVKKK
|
| 040 |
|
|
|a SVKKK
|b slo
|e AACR2
|
| 041 |
0 |
|
|a eng
|b eng
|
| 044 |
|
|
|a xo
|c SK
|
| 080 |
|
|
|a 551.763.3
|2 1981
|
| 080 |
|
|
|a 552.54(477.75)"6153"
|2 1981
|
| 100 |
1 |
|
|a Gabdullin, Ruslan
|4 aut
|
| 242 |
1 |
0 |
|a Pôvod rytmicky vrstvených karbonátových hornín cenomanu z Bachčisarajskej oblasti (juhozápadný Krym)
|
| 245 |
1 |
0 |
|a Origin of rhytmically bedded Cenomanian carbonate rocks of the Bakhchisarai Region (SW Crimea)
|c Ruslan Gabdullin, Andrey Guzhikov, Ivan Dundin
|
| 300 |
|
|
|b Obr., tab.
|
| 504 |
|
|
|a Bibliogr. odkazy
|
| 504 |
|
|
|a Res. angl.
|
| 650 |
0 |
4 |
|a horniny karbonátové
|x vrstevnatosť rytmická
|y krieda vrchná
|z Krym (Ukrajina)
|
| 651 |
|
4 |
|a Krym (Ukrajina)
|x paleogeografia
|
| 700 |
1 |
|
|a Dundin, Ivan
|4 aut
|
| 700 |
1 |
|
|a Guzhikov, Andrey
|4 aut
|
| 773 |
0 |
|
|t Geologica carpathica
|x 1335-0552
|g Roč. 50, č. 1 (1999), s. 49-61
|
| 958 |
|
|
|a NB
|
| 958 |
|
|
|a UA
|
| 974 |
|
|
|a 244
|d 19991014
|
| 992 |
|
|
|a RBX
|
| BAS |
|
|
|
| 998 |
|
|
|a GEO
|